000 01194nam a22003377a 4500
003 CHAP
005 20220329134820.0
008 971013s r 10010 d
010 _a26389
011 _a27361
035 _a31462
040 _cCHAP
082 _a510.78
_bC6 1971
111 0 0 _aConferencia Internacional sobre Sistemas, Redes y Computadoras (
_d1971
_c: Oaxtepec, Mor.)
_926531
245 _aMemorias
260 _a(s.l.) :
_b(s.e.),
_c(s.a.)
300 _a2 v.
_b: ilus.
590 _aBATCH-UPD
_b10
_c20130110
_lUCH01
_h0020
590 _aBATCH-UPD
_b10
_c20130110
_lUCH01
_h2032
590 _aBATCH-UPD
_b10
_c20130410
_lUCH01
_h1348
590 _aBATCH-UPD
_b10
_c20130914
_lUCH01
_h0816
590 _aCONVERSION
_b10
_c20130109
_lUCH01
_h1315
650 1 4 _aCalculadoras electrónicas.
_917344
650 1 4 _aIngeniería eléctrica.
_958223
650 1 4 _aRedes eléctricas.
_995385
710 0 _aInstitute of Electrical and Electronics Engineers. New York.
_959026
901 _aBK
942 _cLIBRO
949 _a510.78 C6 1971
_bBC
_cLIBRO
_d33724000412821
_eLIBRO
_fv.2
_h28822
_i31462
_mD
_si
949 _a510.78 C6 1971
_bBC
_cLIBRO
_d33724000412839
_eLIBRO
_fv.1
_h28821
_i31462
_mD
_si
999 _c26389
_d26389